| 000 | 00964nam a2200217Ia 4500 | ||
|---|---|---|---|
| 999 |
_c39613 _d39613 |
||
| 001 | 6213 | ||
| 003 | GE_BSU | ||
| 005 | 20190528154647.0 | ||
| 008 | 181216s1985||||ge |||||||||||||| ||geo|| | ||
| 040 | _cGE_BSU | ||
| 041 | _ageo | ||
| 080 | _a629.113/115 ე-20 | ||
| 100 |
_aედილაშვილი, მ. _9718 |
||
| 245 |
_aავტომშენებლობის ტექნოლოგიის საფუძვლები : _bსახელმძღვ. / _cმ. ედილაშვილი ; რედ. ნ. მელიქიშვილი. |
||
| 264 |
_aთბილისი : _bგანათლება, _c1985. |
||
| 300 |
_a144 გვ. : _bნახაზ. ; _c20 სმ. |
||
| 501 | _aბიბლიოგრ. : გვ.142 | ||
| 653 | _aავტომშენებლობის ტექნოლოგია | ||
| 700 |
_aმელიქიშვილი, ნ. _eრედაქტორი _91730 |
||
| 942 |
_cBK _2udc |
||